Регионална библиотека "Любен Каравелов" - Русе

Георги Христов (Запис номер 89914)

MARC детайли
000 -Лидер
Контролно поле с фиксирана дължина 01624nam a2200397 c 4500
003 - Код на организацията, давaща контролен номер
Контролно поле BLK
005 - Дата и час на последна редакция
Контролно поле 20180422104555.0
008 - Елементи от данни с фиксирана дължина
fixed length control field 180408b bul|||||r ||||||| ||bul||
010 ## - Наследен системен номер
LC control number KNG00094637000
040 ## - Източник на каталожния запис
Идентификатор на билиотеката - собственик на записа BLK
041 ## - Код за език
Код за езика на текст/звукозапис или на отделно заглавие Български
Код за езика КДБФ Български
080 ## - УДК
Текстов определител УДК Военна история - Военни походи, битки, героични подвизи. Вж и 93/99
УДК код - определител по УДК 355.48
УДК определител (0:82-94)(092)
УДК - код + определител 355.48(0:82-94)(092)
080 ## - УДК
Текстов определител УДК Българска литература
УДК код - определител по УДК 821.163.2
УДК определител -94
УДК - код + определител 821.163.2-94
080 ## - УДК
Текстов определител УДК
УДК код - определител по УДК 929 Христов, Георги Петров
УДК определител
УДК - код + определител 929 Христов, Георги Петров
100 1# - Редна дума - Автор
Автор Крумов, Георги
Авторска отговорност първи автор
Автор - информация (биография) Иванов, Георги Крумов
R(LIN) 368308
139 ## - Редно поле
Редна дума Крумов, Георги
Авторски знак Христов - Х 78
245 10 - Сведения за заглавието
Заглавие Георги Христов
Подзаглавни данни Биогр. очерк
Редно поле (дума) Георги Крумов.
257 ## - Страна на издаване
Страна на създаване/издаване България
260 ## - Област на издателските данни
-- София
Име на издателя, разпространителя и проч. Държ. воен. изд.
Година на издаване 1957
300 ## - Физическа характеристика
Страници 76 с.
Размери/Мащаб 17 см
380 ## - Жанр
Жанр Обществени науки
490 1# - СЕРИИ (Колекции)
Име на серия Библиотека Наши герои
500 ## - Общи забележки
Забележка 3 000 тир.
600 14 - Име на лице, използвано като предмет
За него / За нея Христов, Георги Петров
9 (RLIN) 303737
650 #4 - Допълнително описание по предмет – тема
Основно описание – тема или топоним Военна история - България - популярна литература
9 (RLIN) 303738
651 #4 - Допълнително описание по предмет - топоним
Географско понятие България
9 (RLIN) 241624
653 ## - Ключова дума – ненормативна
Ключова дума Георги Христов
653 ## - Ключова дума – ненормативна
Ключова дума герои
653 ## - Ключова дума – ненормативна
Ключова дума военна история
653 ## - Ключова дума – ненормативна
Ключова дума българска история
852 ## - Местоположение
Форматна сигнатура Цб І 1446
856 4# - Електронен адрес и достъп
Електронен формат pdf - файл
Път до файла /url/
856 4# - Електронен адрес и достъп
Електронен формат pdf - файл
Път до файла /url/
942 ## - АРТИКУЛИ
Вид на библиотечния материал Книги
Скрит в OPAC Не
944 ## - СЪЗДАВАНЕ И РЕДАКЦИЯ на ЗАПИСА
Създаване/Редакция Създаване
Дата на регистрацията/редакция 25.02.2010
Статус, дата на статуса ф /
Служител, извършил регистрацията/редакцията Людмила_Стоянова
944 ## - СЪЗДАВАНЕ И РЕДАКЦИЯ на ЗАПИСА
Създаване/Редакция Редакция
Дата на регистрацията/редакция 10.03.2010
Статус, дата на статуса ф /
Служител, извършил регистрацията/редакцията
999 ## - СИСТЕМНИ КОНТРОЛНИ НОМЕРА
Koha biblionumber 89914
Koha biblioitemnumber 89914
Наличности
Код за отписване Код за изгубен артикул Източник на класификационната схема Код за повреда Коз за рестрикции Код за отдаване Артикулен № Име на библиотеката - собственик Име на библиотеката, в която се намира в момента Статус (Текущо местоположение) Дата на вписване в системата Местоположение - отдел Цена в лева Инвентарен номер Систематично азбучна сигнатура Баркод Номер на екземпляра Цена в евро Служебна бележка Служебен тип на артикула
  Не е изгубен Universal Decimal Classification Не е повреден без рестрикции ползва се в читалня 145460 Регионална библиотека "Любен Каравелов" Русе Регионална библиотека "Любен Каравелов" Русе Хранилище 2010-02-22 Основен фонд - ползва се само за читалня 5.00 120000742497 Цб І 1446 120000742497 1 2.56 Дост: DA Вид: А N: 6 Дата: 22.02.2010 Книги
Изтеглен Не е изгубен Universal Decimal Classification Не е повреден без рестрикции заемане за дома 145461 Регионална библиотека "Любен Каравелов" Русе Регионална библиотека "Любен Каравелов" Русе Заемна - подръчен фонд 1957-01-01 Заемна - подръчен фонд 0.00 9827/57 П 355.48(092)/Х 78 9827/57 2 0.00 Дост: Pk Вид: Ф N: стар фонд Дата: 01.01.1957 Книги
Vip Innovations Ltd, Rousse, Bulgaria 2025